000 00974nam a2200253Ia 4500
003 OSt
005 20220923215327.0
006 a|||||r|||| 00| 0
007 ta
008 220922b |||||||| |||| 00| 0 hin d
024 _a177,800
037 _cTextual
040 _aARTS
_cARTS
_bhin
041 _2hin
_ahin
082 _aO152,1,/\25):g, M8
100 _aदेव, रामचन्द्र
245 0 _aहिन्दी सगुण भक्ति-काव्य के दार्शनिक स्त्रोत
_b नवीन चिंतन
246 _aHindī saguṇ bhakti-kāvya ke dārshanik strota: navīn chiantana
260 _aइलाहाबाद
_b लोक भारती प्रकाशन
_c1988
300 _a424 पृ.
_ccm.
650 _aहिन्दी साहित्य
_9156264
942 _hO152,1,/\25):g, M8
_cTEXL
_2CC
999 _c331188
_d331188